00583pam a2200205 a 4500001000800000005001700008008004100025010001700066020002800083040001800111041000800129043002100137080001200158082002100170100000700191101000800198245004700206504005100253800007300304198033520180314051902.0890622s1989 nyuab b 001 0 eng  a 89016069  a0195037944 (alk. paper) aDLCcDLCdDLC aeng an-us---ae-uk-en a973 FIS00a973 FISa9732201 a16 aHIS10aAlbion's seed :cby David Hackett Fischer. aIncludes bibliographical references and index.1 aFischer, David Hackett,d1935-tAmerica, a cultural history ;vv. 1.